header

Learn small business start-up in 7 days (Record no. 50760)

MARC details
000 -LEADER
fixed length control field 01072nam a2200277 a 4500
100 1# - MAIN ENTRY--AUTHOR NAME
Personal name Smith, Heather.
245 10 - TITLE STATEMENT
Title Learn small business start-up in 7 days
260 ## - PUBLICATION, DISTRIBUTION, ETC. (IMPRINT)
Place of publication Milton, Qld. :
Name of publisher Wrightbooks,
Year of publication 2013.
300 ## - PHYSICAL DESCRIPTION
Number of Pages xvii, 243 p. :
Other physical details ill.
500 ## - GENERAL NOTE
General note Includes index.
650 #0 - SUBJECT ADDED ENTRY--TOPICAL TERM
Topical Term Small business.
856 40 - ELECTRONIC LOCATION AND ACCESS
Uniform Resource Identifier http://site.ebrary.com/lib/rucke/Doc?id=10626257

No items available.

© 2026 Rongo University
Contact us: librarian | system librarian | Rongo university